Virtue Names - Statistics

General Stats
  • This quiz has been taken 54 times
  • The average score is 9 of 22
Answer Stats
Answer % Correct
Hope
89%
Faith
79%
Charity
75%
Chastity
68%
Grace
68%
Patience
57%
Joy
50%
Serenity
50%
Justice
43%
Harmony
39%
Prudence
39%
Temperance
36%
Peace
32%
Verity
32%
Honour
29%
Constance
21%
Felicity
21%
Mercy
21%
Amity
18%
Victory
18%
Liberty
14%
Clemency
0%
No matching quizzes found
Score Distribution
Percent of People with Each Score
Percentile by Number Answered
Your Score History
You have not taken this quiz